Seruan kepada rakjat sedunia. (Record no. 66622)

MARC details
000 -LEADER
fixed length control field 00697cam a22002171 4500
001 - CONTROL NUMBER
control field sa 65010206
003 - CONTROL NUMBER IDENTIFIER
control field DLC
005 - DATE AND TIME OF LATEST TRANSACTION
control field 20260227112207.0
008 - FIXED-LENGTH DATA ELEMENTS--GENERAL INFORMATION
fixed length control field 890107s1961 io 100 0 ind
010 ## - LIBRARY OF CONGRESS CONTROL NUMBER
LC control number sa 65010206
035 ## - SYSTEM CONTROL NUMBER
System control number (OCoLC)23554336
040 ## - CATALOGING SOURCE
Original cataloging agency DLC
Transcribing agency MiU
Modifying agency DLC
042 ## - AUTHENTICATION CODE
Authentication code premarc
050 00 - LIBRARY OF CONGRESS CALL NUMBER
Classification number HX404
Item number .C616
111 2# - MAIN ENTRY--MEETING NAME
Meeting name or jurisdiction name as entry element Conference of Communist and Workers' Parties of the Socialist Countries.
240 00 - UNIFORM TITLE
Uniform title Pbrashchenie k narodam vsego mira. Programmnye dokumenty borʹby za mir, demokratii͡u i st͡sialism.
Language of a work Indonesian.
245 10 - TITLE STATEMENT
Title Seruan kepada rakjat sedunia.
260 ## - PUBLICATION, DISTRIBUTION, ETC.
Place of publication, distribution, etc. Djakarta,
Name of publisher, distributor, etc. Jajasan Pembaruan,
Date of publication, distribution, etc. 1961.
300 ## - PHYSICAL DESCRIPTION
Extent 18 p.
Dimensions 14 cm.
650 #0 - SUBJECT ADDED ENTRY--TOPICAL TERM
Topical term or geographic name entry element Communism

No items available.

Powered by Koha